[Event "4NCL Division 4 South"]
[Site "Telford, ENG ENG"]
[Date "2015.11.15"]
[Round "2.99"]
[White "Truman, Richard G"]
[Black "Davis, Lee"]
[Result "1/2-1/2"]
[WhiteElo "1966"]
[BlackElo "1994"]
[PlyCount "66"]
[EventDate "2015.11.15"]

1. e4 g6 2. d4 d6 3. c4 Bg7 4. Nc3 Nf6 5. f3 O-O 6. Be3 Nc6 7. Qd2 a6 8. Nge2
Rb8 9. Nc1 e5 10. d5 Ne7 11. Bd3 Ne8 12. g4 f5 13. exf5 gxf5 14. h3 Ng6 15. Bg5
Bf6 16. Bxf6 Qxf6 17. g5 Qf7 18. h4 Nf4 19. N1e2 Nxd3+ 20. Qxd3 Ng7 21. O-O-O
Nh5 22. Rdg1 Qg6 23. Ng3 Nxg3 24. Rxg3 f4 25. Qxg6+ hxg6 26. Rg2 Bf5 27. a4 Kg7
28. Kd2 Rh8 29. Rgh2 Rh5 30. Re1 Rbh8 31. Reh1 Kf7 32. b4 Ke7 33. Ke2 Rf8
1/2-1/2

[Event "4NCL Division 4 South"]
[Site "Telford, ENG ENG"]
[Date "2015.11.15"]
[Round "2.99"]
[White "Fletcher, John"]
[Black "Levens, David G"]
[Result "0-1"]
[WhiteElo "1989"]
[BlackElo "1922"]
[PlyCount "74"]
[EventDate "2015.11.15"]

1. d4 d5 2. e4 e6 3. Nc3 dxe4 4. Nxe4 Nf6 5. Nxf6+ Qxf6 6. Nf3 h6 7. Bb5+ Bd7
8. Qd3 Nc6 9. O-O Bd6 10. Re1 O-O-O 11. a3 g5 12. Be3 Kb8 13. c4 g4 14. Nd2
Rhg8 15. g3 h5 16. c5 Be7 17. b4 h4 18. Ne4 Qg6 19. Bf4 Bf6 20. Nxf6 Qxf6 21.
Be5 Qe7 22. Bxc6 Bxc6 23. b5 Bf3 24. b6 Rd5 25. Qh7 Re8 26. bxc7+ Kc8 27. c6
Rxe5 28. cxb7+ Bxb7 29. dxe5 hxg3 30. hxg3 Qd7 31. Rab1 Qc6 32. Rxb7 Kxb7 33.
Qxf7 Rh8 34. Rb1+ Ka6 35. c8=Q+ Rxc8 36. Rd1 Rh8 37. Rd6 Rh1# 0-1

[Event "4NCL Division 4 South"]
[Site "Telford, ENG ENG"]
[Date "2015.11.15"]
[Round "2.99"]
[White "Flynn, David"]
[Black "Adams, Mark"]
[Result "1/2-1/2"]
[WhiteElo "1857"]
[BlackElo "1984"]
[PlyCount "67"]
[EventDate "2015.11.15"]

1. e4 c5 2. c3 Nf6 3. e5 Nd5 4. d4 cxd4 5. cxd4 e6 6. Nf3 Nc6 7. Bc4 Nb6 8. Bb3
d6 9. O-O dxe5 10. dxe5 Qxd1 11. Rxd1 Na5 12. Nc3 Bd7 13. Bc2 Rc8 14. Be4 Bb4
15. Ne2 Bc6 16. Bxc6+ Nxc6 17. b3 Nd5 18. Bb2 O-O 19. Rac1 Rfd8 20. g3 a6 21.
Ned4 Nce7 22. Kf1 h6 23. Nc2 Rxc2 24. Rxc2 Ne3+ 25. fxe3 Rxd1+ 26. Ke2 Rd7 27.
Rc4 Nc6 28. e4 Be7 29. h3 Kh7 30. Bc1 Bd8 31. Ba3 Bc7 32. Bb2 Bb6 33. Ba3 Ba7
34. Bd6 1/2-1/2

[Event "4NCL Division 4 South"]
[Site "Telford, ENG ENG"]
[Date "2015.11.15"]
[Round "2.99"]
[White "Davies, Peter"]
[Black "Taylor, Robert P"]
[Result "1-0"]
[WhiteElo "2013"]
[BlackElo "1922"]
[PlyCount "61"]
[EventDate "2015.11.15"]

1. e4 e5 2. Nf3 Nc6 3. Bb5 Nf6 4. d3 Ne7 5. O-O Ng6 6. c3 Be7 7. d4 exd4 8. e5
Nd5 9. Qxd4 c6 10. Bd3 Nc7 11. Be3 Ne6 12. Qa4 Qc7 13. Bxg6 hxg6 14. Nbd2 d6
15. exd6 Bxd6 16. h3 Bd7 17. Rfe1 c5 18. Qc2 O-O-O 19. b4 c4 20. Qe4 Nf4 21.
Nxc4 Nxg2 22. Nxd6+ Qxd6 23. Rad1 Qa6 24. Kxg2 Bxh3+ 25. Kg1 Bf5 26. Qe7 Rde8
27. Qc5+ Kb8 28. Bf4+ Ka8 29. Rxe8+ Rxe8 30. Qc7 Bd3 31. Qd7 1-0

[Event "4NCL Division 4 South"]
[Site "Telford, ENG ENG"]
[Date "2015.11.15"]
[Round "2.99"]
[White "Hill, Maurice J"]
[Black "Perrett, David C"]
[Result "0-1"]
[WhiteElo "1832"]
[BlackElo "1943"]
[PlyCount "44"]
[EventDate "2015.11.15"]

1. g3 f5 2. Nf3 Nf6 3. c4 c6 4. Bg2 d6 5. d3 g6 6. Nc3 Bg7 7. O-O O-O 8. Qc2
Na6 9. a3 Qe8 10. Rb1 Bd7 11. b4 e5 12. e4 Nc7 13. Re1 h6 14. Bb2 f4 15. gxf4
Nh5 16. Ne2 Nxf4 17. Nxf4 Rxf4 18. Re3 Qf7 19. Rf1 Rf8 20. Ne1 Ne6 21. Bc1 Nd4
22. Rg3 Nxc2 0-1

[Event "4NCL Division 4 South"]
[Site "Telford, ENG ENG"]
[Date "2015.11.15"]
[Round "2.99"]
[White "Dixon, Chris"]
[Black "Graham, Neil"]
[Result "1/2-1/2"]
[WhiteElo "1812"]
[BlackElo "1824"]
[PlyCount "44"]
[EventDate "2015.11.15"]

1. Nf3 Nf6 2. g3 d5 3. Bg2 Bf5 4. O-O c6 5. d3 e6 6. Nbd2 h6 7. b3 Nbd7 8. Bb2
Be7 9. Qe1 O-O 10. e4 Bh7 11. e5 Ne8 12. h4 g5 13. hxg5 hxg5 14. Qe2 Bg6 15.
Nh2 Kg7 16. Ng4 Rh8 17. Bf3 Nc7 18. Kg2 Na6 19. a3 Qb6 20. Rh1 Rae8 21. Rxh8
Rxh8 22. Rh1 Rxh1 1/2-1/2

[Event "4NCL Division 4 South"]
[Site "Telford, ENG ENG"]
[Date "2015.11.15"]
[Round "2.99"]
[White "Price, Andrew"]
[Black "Paul, Nathanael"]
[Result "0-1"]
[WhiteElo "1900"]
[BlackElo "2012"]
[PlyCount "106"]
[EventDate "2015.11.15"]

1. e4 c6 2. d4 d5 3. Nd2 dxe4 4. Nxe4 Bf5 5. Ng3 Bg6 6. Nf3 Nd7 7. Bd3 e6 8.
Qe2 Ngf6 9. Bd2 Bd6 10. Nf5 Bxf5 11. Bxf5 Qe7 12. Bd3 O-O 13. O-O Rac8 14. c3
c5 15. Rae1 Rfe8 16. Bb1 c4 17. Ne5 b5 18. Bg5 h6 19. Nxd7 Qxd7 20. Bxf6 gxf6
21. Qh5 Kf8 22. Qxh6+ Ke7 23. Qe3 Rh8 24. h3 Rcg8 25. f4 Kd8 26. Rf3 f5 27.
Ref1 Qc7 28. Rg3 a5 29. Rxg8+ Rxg8 30. Qf3 Ke7 31. g3 b4 32. Kh2 bxc3 33. bxc3
Rb8 34. h4 Rb2+ 35. Kh3 Qb8 36. Qd1 Qb7 37. d5 Qb6 38. Qe1 Kf6 39. dxe6 fxe6
40. Qd1 Ke7 41. Qe1 Kf6 42. Qd1 Qb7 43. Rg1 Bc5 44. Qd8+ Kf7 45. Qh8 Bxg1 46.
Qh7+ Ke8 47. Qg8+ Kd7 48. Qf7+ Kd8 49. Qf8+ Kc7 50. Qe7+ Kb8 51. Qd8+ Qc8 52.
Qd6+ Qc7 53. Qf8+ Ka7 0-1

[Event "4NCL Division 4 South"]
[Site "Telford, ENG ENG"]
[Date "2015.11.15"]
[Round "2.99"]
[White "Zdanowski, Adrian"]
[Black "Ireland, David J"]
[Result "1/2-1/2"]
[WhiteElo "1990"]
[BlackElo "1908"]
[PlyCount "63"]
[EventDate "2015.11.15"]

1. d4 Nf6 2. c4 c5 3. Nf3 cxd4 4. Nxd4 e5 5. Nc2 d5 6. cxd5 Qxd5 7. Qxd5 Nxd5
8. e4 Nb4 9. Nxb4 Bxb4+ 10. Bd2 Nc6 11. Bb5 Bd7 12. Bxc6 Bxd2+ 13. Nxd2 Bxc6
14. O-O Ke7 15. f3 Rhd8 16. Rfd1 Bb5 17. Nf1 Bxf1 18. Kxf1 Ke6 19. Rac1 Rxd1+
20. Rxd1 Rc8 21. Ke2 a5 22. Ke3 g6 23. g4 h6 24. h4 Rc2 25. Rd2 Rxd2 26. Kxd2
Kd6 27. Kc3 Kc5 28. b3 f6 29. a3 b6 30. Kd3 Kb5 31. Kc3 Kc5 32. Kd3 1/2-1/2

[Event "4NCL Division 4 South"]
[Site "Telford, ENG ENG"]
[Date "2015.11.15"]
[Round "2.99"]
[White "Goodwin, Ed H"]
[Black "Kolbusz, George"]
[Result "1-0"]
[WhiteElo "1845"]
[BlackElo "1907"]
[PlyCount "95"]
[EventDate "2015.11.15"]

1. d4 d5 2. Bf4 c6 3. c3 Nf6 4. Nf3 Bf5 5. e3 Nbd7 6. h3 e6 7. Nbd2 Be7 8. Be2
O-O 9. O-O c5 10. dxc5 Nxc5 11. Nb3 Na4 12. Qc1 Qb6 13. Nfd4 Bg6 14. Bb5 Nc5
15. Nxc5 Bxc5 16. Be2 Nd7 17. Nf3 Rac8 18. Rd1 Nf6 19. Be5 Ne4 20. Bd4 f6 21.
Nd2 e5 22. Bxc5 Nxc5 23. Nb3 Nxb3 24. axb3 Bf7 25. b4 Rfd8 26. Qd2 d4 27. exd4
Bb3 28. Rdc1 exd4 29. cxd4 Rxc1+ 30. Rxc1 Rxd4 31. Rc8+ Kf7 32. Qc3 Be6 33.
Rc7+ Rd7 34. Rxd7+ Bxd7 35. Qd3 Qe6 36. Qc2 Bc6 37. Bc4 Bd5 38. Bxd5 Qxd5 39.
Qc7+ Kg6 40. Qg3+ Qg5 41. Qd3+ Kh6 42. Qd4 Qc1+ 43. Kh2 Qc7+ 44. Kg1 b6 45.
Qh4+ Kg6 46. Qg4+ Kf7 47. Qh5+ Kg8 48. Qe8# 1-0

[Event "4NCL Division 4 South"]
[Site "Telford, ENG ENG"]
[Date "2015.11.15"]
[Round "2.99"]
[White "Lewis, Christopher D"]
[Black "Pink, Joshua"]
[Result "0-1"]
[WhiteElo "1862"]
[BlackElo "1908"]
[PlyCount "26"]
[EventDate "2015.11.15"]

1. e4 e5 2. Nf3 d6 3. d4 Bg4 4. dxe5 Nd7 5. exd6 Bxd6 6. Qd4 Ngf6 7. Nc3 Qe7 8.
Bg5 Bc5 9. Qa4 O-O-O 10. Nd2 Nb6 11. Qb3 Be6 12. Nc4 Bxf2+ 13. Kxf2 Ng4+ 0-1

[Event "4NCL Division 4 South"]
[Site "Telford, ENG ENG"]
[Date "2015.11.15"]
[Round "2.99"]
[White "Hendy, Jerry"]
[Black "Keady, Mark A"]
[Result "1/2-1/2"]
[WhiteElo "1840"]
[BlackElo "1832"]
[PlyCount "54"]
[EventDate "2015.11.15"]

1. e4 c5 2. Nc3 Nc6 3. f4 d6 4. Bc4 Nf6 5. Nf3 g6 6. d3 Bg7 7. O-O O-O 8. Rb1
Na5 9. Qe2 Nxc4 10. dxc4 Bd7 11. e5 Ne8 12. Rd1 Bc6 13. Be3 Qa5 14. Nd5 Bxd5
15. cxd5 Nc7 16. a3 b5 17. Bd2 Qb6 18. Be1 Qb7 19. exd6 exd6 20. Ba5 Rfe8 21.
Qd2 Re4 22. Bxc7 Qxc7 23. c3 Qd7 24. Re1 Rae8 25. Rxe4 Rxe4 26. Re1 Qf5 27.
Rxe4 Qxe4 1/2-1/2

[Event "4NCL Division 4 South"]
[Site "Telford, ENG ENG"]
[Date "2015.11.15"]
[Round "2.99"]
[White "Maydew, Simon"]
[Black "Byrne, Nigel"]
[Result "1/2-1/2"]
[WhiteElo "1840"]
[BlackElo "1870"]
[PlyCount "42"]
[EventDate "2015.11.15"]

1. d4 d6 2. Nf3 Bg4 3. e4 Nf6 4. Nc3 c6 5. Be3 e6 6. Bd3 Be7 7. Qd2 d5 8. Ne5
Bh5 9. f3 Nfd7 10. Nxd7 Nxd7 11. O-O O-O 12. Ne2 dxe4 13. fxe4 Bxe2 14. Qxe2
Nf6 15. e5 Nd5 16. Bxh7+ Kxh7 17. Qh5+ Kg8 18. Rf3 Nxe3 19. Rh3 f5 20. Qh7+ Kf7
21. Qh5+ Kg8 1/2-1/2

[Event "4NCL Division 4 South"]
[Site "Telford, ENG ENG"]
[Date "2015.11.15"]
[Round "2.99"]
[White "Burgoyne, Peter A"]
[Black "Campbell, Mark C"]
[Result "0-1"]
[WhiteElo "1840"]
[BlackElo "1956"]
[PlyCount "64"]
[EventDate "2015.11.15"]

1. e4 c5 2. c3 Nf6 3. e5 Nd5 4. d4 cxd4 5. cxd4 e6 6. Nc3 Nxc3 7. bxc3 Qc7 8.
Bd2 d6 9. f4 b6 10. Nf3 Bb7 11. Bd3 Nd7 12. O-O Be7 13. Qe1 O-O 14. f5 dxe5 15.
fxe6 fxe6 16. Qg3 Bxf3 17. Rxf3 Rxf3 18. gxf3 Bd6 19. Qh3 Nf8 20. Re1 Re8 21.
Re4 g6 22. Qh6 exd4 23. cxd4 Qf7 24. Kf2 Nd7 25. Bf4 Bxf4 26. Rxf4 Qg7 27. Qh3
Nf6 28. Bc4 Qe7 29. Qf1 g5 30. Qg2 Qg7 31. Rf5 Kh8 32. Qxg5 exf5 0-1

[Event "4NCL Division 4 South"]
[Site "Telford, ENG ENG"]
[Date "2015.11.15"]
[Round "2.99"]
[White "Phillips, William"]
[Black "Ng, Han"]
[Result "0-1"]
[WhiteElo "1899"]
[BlackElo "1785"]
[PlyCount "112"]
[EventDate "2015.11.15"]

1. d4 d5 2. c4 e6 3. Nc3 Be7 4. Nf3 Nf6 5. Bg5 O-O 6. e3 h6 7. Bh4 Ne4 8. Bxe7
Qxe7 9. Rc1 Nxc3 10. Rxc3 c6 11. Bd3 dxc4 12. Bxc4 Nd7 13. O-O e5 14. dxe5 Nxe5
15. Nxe5 Qxe5 16. f4 Qf6 17. e4 Be6 18. e5 Qe7 19. Bxe6 fxe6 20. Rd3 Rad8 21.
Rd6 Rxd6 22. exd6 Qd7 23. Qd4 Rf5 24. Re1 Rd5 25. Qxa7 Qxd6 26. Qe3 Kf7 27. Kf2
Rf5 28. g3 g5 29. Qb3 gxf4 30. g4 Qc5+ 31. Kf3 Qd5+ 32. Qxd5 Rxd5 33. Kxf4 Rd2
34. b4 Rxa2 35. h4 Rh2 36. Kg3 Rc2 37. Re4 b5 38. Kf4 Rh2 39. Kg3 Rh1 40. Rf4+
Kg7 41. h5 Rb1 42. Kf2 e5 43. Rf5 Rxb4 44. Rxe5 Rxg4 45. Re6 c5 46. Rb6 b4 47.
Kf3 Rd4 48. Rg6+ Kh7 49. Rc6 Rd5 50. Rc7+ Kg8 51. Kg4 b3 52. Rc8+ Kg7 53. Rc7+
Kf6 54. Rc6+ Ke5 55. Rxh6 Rd4+ 56. Kg3 b2 0-1

[Event "4NCL Division 4 South"]
[Site "Telford, ENG ENG"]
[Date "2015.11.15"]
[Round "2.99"]
[White "Polat, Zeynel"]
[Black "Lim, Mark"]
[Result "0-1"]
[WhiteElo "1772"]
[BlackElo "1827"]
[PlyCount "56"]
[EventDate "2015.11.15"]

1. e4 e6 2. d4 d5 3. Nd2 Nf6 4. e5 Nfd7 5. Bd3 c5 6. c3 Nc6 7. Ndf3 cxd4 8.
cxd4 f6 9. exf6 Nxf6 10. Ne2 Bd6 11. O-O O-O 12. Ng3 Bc7 13. Bg5 Bb6 14. Nh5
Qc7 15. Bxf6 gxf6 16. Rc1 e5 17. dxe5 fxe5 18. Qd2 e4 19. Qg5+ Kh8 20. Rfe1 Rf5
21. Qh6 Qf7 22. Ng5 Bxf2+ 23. Kh1 Qg6 24. Qxg6 hxg6 25. Nxe4 dxe4 26. Bxe4 Bxe1
27. Bxf5 Bxf5 28. Nf6 Bh4 0-1

[Event "4NCL Division 4 South"]
[Site "Telford, ENG ENG"]
[Date "2015.11.15"]
[Round "2.99"]
[White "Breed, Greg J"]
[Black "Ignatyev, Alexander"]
[Result "0-1"]
[WhiteElo "1793"]
[BlackElo "1750"]
[PlyCount "110"]
[EventDate "2015.11.15"]

1. d4 d5 2. Nf3 Nf6 3. Bf4 e6 4. e3 c5 5. c3 Nc6 6. Bd3 Qb6 7. Qb3 c4 8. Qxb6
axb6 9. Bc2 b5 10. Nbd2 b4 11. O-O Be7 12. e4 O-O 13. e5 Nd7 14. Bg5 f6 15. Bh4
fxe5 16. Bxe7 Nxe7 17. Ng5 bxc3 18. bxc3 e4 19. Nxe6 Rf6 20. Nc7 Ra5 21. a4 Nb6
22. Rfb1 Bd7 23. Rb4 Rc6 24. Nf1 Ng6 25. Rab1 Rxc7 26. Rxb6 Nf4 27. Bd1 Bc6 28.
Ne3 Rc8 29. Nf5 Rc7 30. g3 Ne6 31. Bg4 Rxa4 32. h4 Nd8 33. Nd6 g6 34. Kg2 h5
35. Bh3 Kf8 36. R1b2 Ra1 37. f3 exf3+ 38. Kxf3 Rc1 39. Kg2 Rxc3 40. Rf2+ Kg7
41. Rbb2 Re7 42. Rf3 Ree3 43. Rbf2 Rxf3 44. Rxf3 Rxf3 45. Kxf3 Nf7 46. Nc8 g5
47. Bf5 Kf6 48. Bc2 g4+ 49. Kf4 b5 50. Nb6 b4 51. Ba4 Bxa4 52. Nxa4 b3 53. Nc3
Ke6 54. Ke3 Nd6 55. Ne2 b2 0-1

[Event "4NCL Division 4 South"]
[Site "Telford, ENG ENG"]
[Date "2015.11.15"]
[Round "2.99"]
[White "Oakley, Robin J"]
[Black "Davis, Holden"]
[Result "1-0"]
[WhiteElo "1750"]
[BlackElo "1707"]
[PlyCount "54"]
[EventDate "2015.11.15"]

1. e4 e6 2. d4 d5 3. Nc3 Bb4 4. a3 Bxc3+ 5. bxc3 dxe4 6. f3 exf3 7. Nxf3 Nf6 8.
Bc4 Nbd7 9. O-O Nb6 10. Bd3 Bd7 11. Qe1 Qe7 12. Ne5 h6 13. Kh1 O-O-O 14. Be3
Nbd5 15. Bg1 g5 16. c4 Nf4 17. Qa5 Kb8 18. Rab1 Nxd3 19. cxd3 b6 20. c5 Ka8 21.
cxb6 cxb6 22. Rxb6 Be8 23. d5 Rxd5 24. Rfb1 Bd7 25. Qa6 Bb5 26. R6xb5 Rxb5 27.
Rxb5 Nd5 1-0

[Event "4NCL Division 4 South"]
[Site "Telford, ENG ENG"]
[Date "2015.11.15"]
[Round "2.99"]
[White "Ivanov, George"]
[Black "Levy, Christopher A"]
[Result "1-0"]
[WhiteElo "1644"]
[BlackElo "1720"]
[PlyCount "63"]
[EventDate "2015.11.15"]

1. e4 c5 2. Nc3 Nc6 3. f4 d6 4. Nf3 g6 5. Bc4 Bg7 6. d3 e6 7. O-O Nge7 8. Qe1
h6 9. Qh4 a6 10. Bd2 b5 11. Bb3 Nd4 12. Nxd4 cxd4 13. Ne2 Nc6 14. Qg3 O-O 15.
f5 exf5 16. Bd5 Bd7 17. exf5 g5 18. f6 Bxf6 19. Qxd6 Kg7 20. Bxc6 Bxc6 21. Qxc6
Rc8 22. Qf3 Rxc2 23. Ng3 Be5 24. Bb4 Bxg3 25. Bxf8+ Qxf8 26. Qxg3 Qe7 27. Rae1
Re2 28. Rxf7+ Kxf7 29. Qf3+ Kg6 30. Rxe2 Qc7 31. Re6+ Kh7 32. Qf5+ 1-0

[Event "4NCL Division 4 South"]
[Site "Telford, ENG ENG"]
[Date "2015.11.15"]
[Round "2.99"]
[White "Graham, David B"]
[Black "Tarr, Steve F"]
[Result "1-0"]
[WhiteElo "2111"]
[BlackElo "1885"]
[PlyCount "33"]
[EventDate "2015.11.15"]

1. e4 c5 2. Nc3 g6 3. f4 Bg7 4. Nf3 Nc6 5. Bc4 e6 6. f5 gxf5 7. d3 fxe4 8. dxe4
Nd4 9. O-O Nxf3+ 10. Qxf3 Qf6 11. Qe2 Qe7 12. Nb5 d5 13. exd5 a6 14. d6 Qd8 15.
Nc7+ Kf8 16. Nxe6+ Bxe6 17. Qxe6 1-0

[Event "4NCL Division 4 South"]
[Site "Telford, ENG ENG"]
[Date "2015.11.15"]
[Round "2.99"]
[White "Szwajkun, Richard"]
[Black "Payne, Matthew J"]
[Result "0-1"]
[WhiteElo "1765"]
[BlackElo "2004"]
[PlyCount "98"]
[EventDate "2015.11.15"]

1. d4 Nf6 2. Nf3 g6 3. e3 Bg7 4. Bd3 d6 5. c3 Nc6 6. Nbd2 O-O 7. O-O e5 8. dxe5
Nxe5 9. Nxe5 dxe5 10. Qc2 Qe7 11. e4 Nh5 12. Nb3 b6 13. Be3 Be6 14. f3 f5 15.
f4 exf4 16. Bxf4 Nxf4 17. Rxf4 Be5 18. Rff1 fxe4 19. Bxe4 Rad8 20. g3 Bc4 21.
Rxf8+ Qxf8 22. Rd1 Qf6 23. Rxd8+ Qxd8 24. Nd2 Bf7 25. Nf3 Bg7 26. a3 Qd6 27.
Kg2 c5 28. b4 Qf6 29. bxc5 bxc5 30. Qb2 Qb6 31. Qc2 Qa5 32. Ng5 Qxc3 33. Qxc3
Bxc3 34. Nxf7 Kxf7 35. Bd5+ Kf6 36. Kf3 Ke5 37. Bg8 h6 38. Bf7 g5 39. Ke3 Bd4+
40. Kd3 Bg1 41. h4 g4 42. Be8 Bf2 43. Bd7 Bxg3 44. Bxg4 Bxh4 45. Kc4 Bf2 46. a4
Kf4 47. Be2 Kg5 48. Kb5 h5 49. Ka6 h4 0-1

[Event "4NCL Division 4 South"]
[Site "Telford, ENG ENG"]
[Date "2015.11.15"]
[Round "2.99"]
[White "Higgs, Anthony R J"]
[Black "Mehmood, Athar"]
[Result "1-0"]
[WhiteElo "1971"]
[BlackElo "1675"]
[PlyCount "65"]
[EventDate "2015.11.15"]

1. d4 e6 2. Nf3 Nf6 3. e3 d5 4. Nbd2 c5 5. b3 cxd4 6. exd4 Bb4 7. Bb2 O-O 8. a3
Be7 9. Bd3 b6 10. Qe2 a5 11. Ne5 Ba6 12. c4 Nfd7 13. O-O Nxe5 14. dxe5 Nd7 15.
Rfd1 Nc5 16. Bc2 Qc8 17. Rac1 f6 18. Qh5 f5 19. b4 axb4 20. axb4 Ne4 21. cxd5
g6 22. Qh3 Nxd2 23. Rxd2 Qb7 24. Bb3 Bg5 25. d6 Qd7 26. Rc7 Qxc7 27. dxc7 Bxd2
28. Bxe6+ Kg7 29. Bd5 Rae8 30. e6+ Rf6 31. Qh4 g5 32. Qd4 Ref8 33. e7 1-0

[Event "4NCL Division 4 South"]
[Site "Telford, ENG ENG"]
[Date "2015.11.15"]
[Round "2.99"]
[White "Ross, Stuart"]
[Black "Graham, William M"]
[Result "1/2-1/2"]
[WhiteElo "1652"]
[BlackElo "1840"]
[PlyCount "47"]
[EventDate "2015.11.15"]

1. e4 e6 2. d4 d5 3. Nd2 Nf6 4. e5 Nfd7 5. Bd3 c5 6. c3 Nc6 7. Ne2 Qb6 8. Nf3
Be7 9. O-O O-O 10. Re1 cxd4 11. cxd4 f6 12. Nf4 fxe5 13. dxe5 Bc5 14. Qc2 Rxf4
15. Bxf4 Nb4 16. Bxh7+ Kh8 17. Qg6 Nf8 18. Qf7 Nxh7 19. Be3 Nd3 20. Qe8+ Nf8
21. Ng5 Qc6 22. Qh5+ Kg8 23. Qf7+ Kh8 24. Qh5+ 1/2-1/2

[Event "4NCL Division 4 South"]
[Site "Telford, ENG ENG"]
[Date "2015.11.15"]
[Round "2.99"]
[White "Liu, David J"]
[Black "Peck, Windsor W A"]
[Result "1-0"]
[WhiteElo "1828"]
[BlackElo "1547"]
[PlyCount "79"]
[EventDate "2015.11.15"]

1. e4 e6 2. d4 d5 3. Nc3 Bb4 4. e5 c5 5. Bd2 cxd4 6. Nb5 Be7 7. f4 a6 8. Nxd4
Nc6 9. Ngf3 Nxd4 10. Nxd4 Bc5 11. Nb3 Ba7 12. Qg4 Ne7 13. Qxg7 Rg8 14. Qxh7 Qc7
15. O-O-O Bd7 16. g3 Rf8 17. Bb4 Ba4 18. Bd6 Qc6 19. Bd3 Bxb3 20. axb3 Bc5 21.
Bxc5 Qxc5 22. Rhe1 Rc8 23. f5 Kd7 24. f6 Nc6 25. c3 Kc7 26. Kb1 Kb8 27. Qh5 Qb6
28. Bc2 Qc7 29. Qe2 Rh8 30. Rd3 b5 31. b4 Rcd8 32. h4 Rc8 33. h5 a5 34. Re3 d4
35. Qxb5+ Qb7 36. Qxb7+ Kxb7 37. cxd4 Rxh5 38. bxa5 Nxa5 39. Be4+ Kb6 40. Rc1
1-0

[Event "4NCL Division 4 South"]
[Site "Telford, ENG ENG"]
[Date "2015.11.15"]
[Round "2.99"]
[White "Szwajkun, Steve"]
[Black "Graham, Cassie M"]
[Result "0-1"]
[WhiteElo "1540"]
[BlackElo "1772"]
[PlyCount "100"]
[EventDate "2015.11.15"]

1. Nf3 Nf6 2. d3 c5 3. Nbd2 Nc6 4. e4 d6 5. g3 g6 6. Bg2 Bg7 7. c3 O-O 8. O-O
Bg4 9. h3 Bd7 10. Qc2 Rc8 11. a4 a6 12. c4 Ne8 13. Rd1 Nb4 14. Qb1 Nc7 15. Nf1
Qe8 16. Bd2 Bxa4 17. Re1 Nc2 18. Bc3 Nxe1 19. Qxe1 Bxc3 20. Qxc3 e5 21. Ne3 Bd7
22. h4 Be6 23. Ng5 Qe7 24. Nxe6 fxe6 25. Ng4 h5 26. Nh2 Qf7 27. Nf3 Ra8 28. Qd2
Qg7 29. Ng5 Rf6 30. Rf1 b5 31. b3 bxc4 32. dxc4 Qe7 33. Qd1 Rb8 34. Bf3 Rb6 35.
Kg2 a5 36. g4 Rf4 37. Nh3 hxg4 38. Bxg4 Rxe4 39. Ng5 Rf4 40. Qc2 Rxg4+ 41. Kh3
Rxg5 42. hxg5 Qxg5 43. Qd1 Qh5+ 44. Qxh5 gxh5 45. Kh4 Rxb3 46. Rg1+ Kf7 47. Rg5
Ne8 48. Rxh5 Nf6 49. Rh8 Rf3 50. Kg5 Rf5+ 0-1

[Event "4NCL Division 4 South"]
[Site "Telford, ENG ENG"]
[Date "2015.11.15"]
[Round "2.99"]
[White "Marlow, Ben"]
[Black "Willmoth, Robert F"]
[Result "0-1"]
[WhiteElo "1787"]
[BlackElo "2245"]
[PlyCount "40"]
[EventDate "2015.11.15"]

1. c4 e5 2. Nc3 d6 3. g3 f5 4. Bg2 Nf6 5. e3 Be7 6. Nge2 O-O 7. O-O c6 8. d4
Be6 9. b3 Qc7 10. Bb2 Nbd7 11. Rc1 Bf7 12. d5 c5 13. Nb5 Qb8 14. Nbc3 a6 15. a4
b6 16. Re1 Ne8 17. Qd3 e4 18. Qd2 Ne5 19. Nxe4 fxe4 20. Bxe4 Bg6 0-1

[Event "4NCL Division 4 South"]
[Site "Telford, ENG ENG"]
[Date "2015.11.15"]
[Round "2.99"]
[White "Eden, Tomer"]
[Black "Woolgar, Steven G"]
[Result "1-0"]
[WhiteElo "2215"]
[BlackElo "1787"]
[PlyCount "77"]
[EventDate "2015.11.15"]

1. b3 Nf6 2. Bb2 c5 3. Nf3 Nc6 4. g3 d5 5. Bg2 Bg4 6. O-O Bxf3 7. exf3 e6 8. f4
Bd6 9. d3 O-O 10. Nd2 Rc8 11. Nf3 Re8 12. Re1 b5 13. Ne5 Bxe5 14. fxe5 Nd7 15.
c4 bxc4 16. dxc4 d4 17. f4 a5 18. Be4 f5 19. exf6 Nxf6 20. Bxc6 Rxc6 21. Qf3
Qd6 22. Bc1 Ra6 23. a4 e5 24. fxe5 Rxe5 25. Bd2 Qe7 26. Rxe5 Qxe5 27. Re1 Qd6
28. Bg5 Kf7 29. Bxf6 gxf6 30. Qb7+ Kg6 31. Re7 Rb6 32. Rg7+ Kf5 33. Qf3+ Ke5
34. Rxh7 d3 35. Rh5+ Ke6 36. Qf5+ Ke7 37. Rh7+ Kd8 38. Rh8+ Ke7 39. Qh7+ 1-0

[Event "4NCL Division 4 South"]
[Site "Telford, ENG ENG"]
[Date "2015.11.15"]
[Round "2.99"]
[White "Weaver, Simon"]
[Black "Pollack, Oscar"]
[Result "0-1"]
[WhiteElo "1613"]
[BlackElo "1960"]
[PlyCount "122"]
[EventDate "2015.11.15"]

1. e4 e6 2. d4 d5 3. e5 c5 4. c3 Nc6 5. Be3 Qb6 6. Qd2 Bd7 7. Nf3 f6 8. Be2 Rc8
9. O-O fxe5 10. Nxe5 Nxe5 11. dxe5 Ne7 12. Na3 Nc6 13. f4 Be7 14. Rf3 d4 15.
cxd4 cxd4 16. Bf2 Bc5 17. Nc4 Qb4 18. Qxb4 Nxb4 19. Rd1 Bc6 20. Rg3 O-O 21.
Bxd4 Bd5 22. Bxc5 Rxc5 23. Nd6 Rxf4 24. a3 Na2 25. Bf3 Bxf3 26. Rxf3 Rxf3 27.
gxf3 Rxe5 28. Ra1 Rd5 29. Nxb7 Rb5 30. Nd6 Rxb2 31. Re1 Nc3 32. Rxe6 Re2 33.
Rxe2 Nxe2+ 34. Kf2 Nd4 35. Kg3 a6 36. h4 Kf8 37. Kg4 Ke7 38. Nf5+ Nxf5 39. Kxf5
Kd6 40. f4 a5 41. a4 Kd5 42. h5 Kd6 43. Ke4 Kc5 44. Ke5 Kb4 45. Ke6 Kxa4 46.
Kf7 Kb3 47. Kxg7 a4 48. f5 a3 49. f6 a2 50. f7 a1=Q+ 51. Kxh7 Qf6 52. Kg8 Qe6
53. Kg7 Qe7 54. Kg8 Qg5+ 55. Kf8 Kc4 56. Ke8 Qe5+ 57. Kf8 Kd5 58. Kg8 Qg5+ 59.
Kf8 Ke6 60. h6 Qxh6+ 61. Kg8 Ke7 0-1

[Event "4NCL Division 4 South"]
[Site "Telford, ENG ENG"]
[Date "2015.11.15"]
[Round "2.99"]
[White "Chauhan, Pranay"]
[Black "Harris, John"]
[Result "1-0"]
[WhiteElo "1915"]
[BlackElo "1645"]
[PlyCount "91"]
[EventDate "2015.11.15"]

1. Nf3 Nf6 2. g3 g6 3. d4 Bg7 4. Bg2 O-O 5. c4 d6 6. Nc3 Nc6 7. O-O e5 8. dxe5
dxe5 9. Bg5 Qxd1 10. Rfxd1 h6 11. Be3 Be6 12. Nd5 Bxd5 13. cxd5 e4 14. dxc6
exf3 15. cxb7 fxg2 16. bxa8=Q Rxa8 17. Bd4 a5 18. Rac1 c5 19. Rxc5 Ne4 20. Rc7
Rd8 21. e3 Ng5 22. Kxg2 Ne6 23. Rc4 Nxd4 24. exd4 Be5 25. Kf3 Kg7 26. Ke4 Bd6
27. Rc6 f5+ 28. Kd3 Be5 29. Kc4 g5 30. Rc5 Bf6 31. Rxa5 Rc8+ 32. Rc5 Re8 33.
Rd2 Rf8 34. a4 g4 35. a5 f4 36. b4 Bg5 37. Ra2 fxg3 38. fxg3 Be7 39. Rc6 Rf1
40. b5 h5 41. a6 Rb1 42. b6 Rb4+ 43. Kc3 Rb1 44. a7 Rc1+ 45. Rc2 Ra1 46. b7 1-0

[Event "4NCL Division 4 South"]
[Site "Telford, ENG ENG"]
[Date "2015.11.15"]
[Round "2.99"]
[White "Jones, Howard"]
[Black "Hung, Jake"]
[Result "1/2-1/2"]
[WhiteElo "1615"]
[BlackElo "1893"]
[PlyCount "113"]
[EventDate "2015.11.15"]

1. Nf3 d5 2. g3 Nf6 3. Bg2 Bf5 4. d3 c5 5. O-O Nc6 6. Nbd2 e6 7. Nh4 Bg6 8.
Nxg6 hxg6 9. e4 dxe4 10. dxe4 e5 11. Re1 Be7 12. c3 O-O 13. Qc2 Rc8 14. a4 a6
15. Nc4 b5 16. axb5 axb5 17. Na3 Qb6 18. Qe2 Ra8 19. Be3 b4 20. Nc4 Qb5 21.
Rxa8 Rxa8 22. f3 Ra2 23. Bd2 Nd7 24. Rb1 bxc3 25. Bxc3 Nd4 26. Bxd4 cxd4 27.
Bf1 Nb6 28. Qc2 Qc5 29. Kg2 Ra8 30. Qb3 Nd7 31. Bd3 Rb8 32. Qa4 Qc7 33. Qc2 Nc5
34. b3 Rb4 35. Nd2 Qb8 36. Bc4 Qd6 37. Bd3 Nxd3 38. Qxd3 Qe6 39. Nc4 Rb8 40.
Ra1 Bb4 41. g4 Bc3 42. Rb1 Qf6 43. Qc2 Qf4 44. Qd3 Bb4 45. Qc2 Bc3 46. Qd3 f5
47. h3 fxg4 48. hxg4 Ra8 49. Qc2 Kf7 50. Rh1 Ke6 51. Qe2 Rb8 52. Qa2 Rf8 53.
Qa6+ Kf7 54. Qc6 Kg8 55. Qd5+ Rf7 56. Qd8+ Rf8 57. Qd5+ 1/2-1/2